000 00573nam a2200181Ia 4500
005 20250326143211.0
008 250326s9999 xx 000 0 und d
037 _aTextbook
040 _aFMSL
_beng
_cFMSL
041 _aeng
_2eng
084 _aX:74obD658(2:55) N6
_qFMSL
100 _aColeman K G
_9747365
245 0 _aReengineering MIS : Aligning information technology and business operation
_cColeman K G And Others
260 _aUSA
_bUSA, IDEA Group
_c1996
300 _a450p
942 _cTB
_hX:74obD658(2:55) N6
999 _c1298567
_d1298567